书目信息 |
| 题名: |
妇产科护理学习指导及习题集
|
|
| 作者: | 刘文娜 主编 | |
| 分册: | ||
| 出版信息: | 北京 人民卫生出版社 2008 |
|
| 页数: | 157页 | |
| 开本: | 26cm | |
| 丛书名: | ||
| 单 册: | ||
| 中图分类: | R473.71 | |
| 科图分类: | ||
| 主题词: | 妇产科--护理学--中等专业教育--教学参考资料 , 妇产科 , 护理学 | |
| 电子资源: | ||
| ISBN: | 978-7-117-10512-5 | |
| 000 | 00949nam0 2200265 450 | |
| 001 | 012015000231 | |
| 005 | 20150914160928.96 | |
| 010 | @a978-7-117-10512-5@dCNY17.00 | |
| 100 | @a20081112d2008 em y0chiy50 ea | |
| 101 | 0 | @achi |
| 102 | @aCN@b110000 | |
| 105 | @ay z 000yy | |
| 106 | @ar | |
| 200 | 1 | @a妇产科护理学习指导及习题集@Afu chan ke hu li xue xi zhi dao ji xi ti ji@f刘文娜主编 |
| 210 | @a北京@c人民卫生出版社@d2008 | |
| 215 | @a157页@d26cm | |
| 300 | @a全国中等卫生职业教育卫生部“十一五”规划教材配套教材 供护理专业用 | |
| 330 | @a本书主要内容:女性生殖系统解剖及生理、正常妊娠孕妇的护理、正常分娩斯期产妇的护理、正常产褥期产妇的护理、围生期母儿的护理、异常妊娠孕妇的护理等。 | |
| 606 | 0 | @a妇产科@x护理学@x中等专业教育@j教学参考资料 |
| 606 | 0 | @a妇产科 |
| 606 | 0 | @a护理学 |
| 690 | @aR473.71@v5 | |
| 701 | 0 | @a刘文娜@Aliu wen na@c(妇产科学)@4主编 |
| 801 | 0 | @aCN@b碧洲教育@c20150716 |
| 905 | @a10447@f4@dR473.71@e98 | |
| 妇产科护理学习指导及习题集/刘文娜主编.-北京:人民卫生出版社,2008 |
| 157页;26cm |
| 全国中等卫生职业教育卫生部“十一五”规划教材配套教材 供护理专业用 |
| ISBN 978-7-117-10512-5:CNY17.00 |
| 本书主要内容:女性生殖系统解剖及生理、正常妊娠孕妇的护理、正常分娩斯期产妇的护理、正常产褥期产妇的护理、围生期母儿的护理、异常妊娠孕妇的护理等。 |
| ● |
| 相关链接 |
|
|
|
|
正题名:妇产科护理学习指导及习题集
索取号:R473.71/98
 
预约/预借
| 序号 | 登录号 | 条形码 | 馆藏地/架位号 | 状态 | 备注 |
| 1 | 0870163 | 208701635 | 第二样本阅览室/ [索取号:R473.71/98] | 在馆 | |
| 2 | 0870164 | 208701644 | 第三借阅区/ [索取号:R473.71/98] | 在馆 | |
| 3 | 0870165 | 208701653 | 第三借阅区/ [索取号:R473.71/98] | 在馆 | |
| 4 | 0870166 | 208701662 | 第三借阅区/ [索取号:R473.71/98] | 在馆 |